| 000 | 00361pam a2200145 a 4500 | ||
|---|---|---|---|
| 020 | _c | ||
| 041 | _h | ||
| 100 |
_aLETITIH BALDRIGES _eAuthor |
||
| 245 |
_aCOMPLETE GUIDE TO EXECUTIVE MANNERS _cLETITIH BALDRIGES _hTextual Documents |
||
| 260 |
_anew york _bRawson Asso |
||
| 300 | _a389 | ||
| 653 | _afood Producation | ||
| 700 | _eCo-Author | ||
| 930 | _a847 | ||
| 999 |
_c228248 _d228248 |
||